历届茅盾文学奖获奖小说 Winning novels of Mao Dun Literature Awards - Statistics

General Stats
  • This quiz has been taken 50 times
  • The average score is 12 of 53
Answer Stats
届数 作者 作品 % Correct
3 路遥 《平凡的世界》
88%
4 陈忠实 《白鹿原》(修订本)
81%
8 莫言 《蛙》
74%
7 迟子建 《额尔古纳河右岸》
60%
8 刘震云 《一句顶一万句》
55%
9 金宇澄 《繁花》
48%
8 毕飞宇 《推拿》
45%
3 霍达 《穆斯林的葬礼》
43%
1 姚雪垠 《李自成》(第二卷)
40%
7 贾平凹 《秦腔》
38%
5 王安忆 《长恨歌》
38%
5 阿来 《尘埃落定》
36%
10 梁晓声 《人世间》
26%
2 刘心武 《钟鼓楼》
26%
1 古华 《芙蓉镇》
26%
7 麦家 《暗算》
24%
9 苏童 《黄雀记》
21%
6 熊召政 《张居正》
21%
9 格非 《江南三部曲》
19%
8 张炜 《你在高原》
19%
10 李洱 《应物兄》
17%
3 凌力 《少年天子》
17%
11 杨志军 《雪山大地》
14%
10 陈彦 《主角》
14%
6 宗璞 《东藏记》
14%
5 王旭烽 《茶人三部曲》(一、二)
14%
3 萧克 《浴血罗霄》
14%
1 周克芹 《许茂和他的女儿们》
14%
1 魏巍 《东方》
14%
10 徐泽臣 《北上》
12%
6 徐贵祥 《历史的天空》
12%
3 徐兴业 《金瓯缺》
12%
11 孙甘露 《千里江山图》
10%
9 李佩甫 《生命册》
10%
7 周大新 《湖光山色》
10%
4 刘斯奋 《白门柳》(一、二)
10%
2 张洁 《沉重的翅膀》(修订本)
10%
1 李国文 《冬天里的春天》
10%
11 刘亮程 《本巴》
7%
11 东西 《回响》
7%
10 徐怀中 《牵风记》
7%
9 王蒙 《这边风景》
7%
8 刘醒龙 《天行者》
7%
6 柳建伟 《英雄时代》
7%
5 张平 《抉择》
7%
4 王火 《战争和人》(一、二、三)
7%
3 刘白羽 《第二个太阳》
7%
2 李准 《黄河东流去》
7%
1 莫应丰 《将军吟》
7%
11 乔叶 《宝水》
5%
6 张洁 《无字》
5%
4 刘玉民 《骚动之秋》
5%
3 孙力、余小惠 《都市风流》
5%
No matching quizzes found
Score Distribution
Percent of People with Each Score
Percentile by Number Answered
Your Score History
You have not taken this quiz